00555 2200205 4500001002100000005001500021035002000036008004100056082001100097245007600108260004100184100001400225084001700239300002800256650001200284650001000296650001400306990001600320990001300336INLIS00000000000119320250910101600 a0010-0521001193250910 g 0 dut  a551.581 aHet idjen hoogland monografie V : Het klimaat van den Idjen /cC. Braak aWeltevreden :bG. Kolff & Co.,c191-1 aBRAAK, C. a551.58 BRA k a51 p. :bill. ;c31 cm. 4aVULCANO 4aIDJEN 4aEAST JAVA a00000004656 aBK011864